Elijah of Buxton / (Record no. 2923)

MARC details
000 -LEADER
fixed length control field 01481cam a2200385 a 4500
001 - CONTROL NUMBER
control field 2923
003 - CONTROL NUMBER IDENTIFIER
control field FISKH
005 - DATE AND TIME OF LATEST TRANSACTION
control field 20240130085724.0
008 - FIXED-LENGTH DATA ELEMENTS--GENERAL INFORMATION
fixed length control field 070316s2007 nyu c 000 1 eng
010 ## - LIBRARY OF CONGRESS CONTROL NUMBER
LC control number 2007005181
020 ## - INTERNATIONAL STANDARD BOOK NUMBER
International Standard Book Number 9780439023443 (trade bdg.)
020 ## - INTERNATIONAL STANDARD BOOK NUMBER
International Standard Book Number 0439023440 (trade bdg.)
020 ## - INTERNATIONAL STANDARD BOOK NUMBER
International Standard Book Number 0439023459 (alk. paper)
020 ## - INTERNATIONAL STANDARD BOOK NUMBER
International Standard Book Number 9780439023450 (alk. paper)
035 ## - SYSTEM CONTROL NUMBER
System control number (OCoLC)ocm86090238
035 ## - SYSTEM CONTROL NUMBER
System control number (OCoLC)86090238
040 ## - CATALOGING SOURCE
Original cataloging agency DLC
Transcribing agency DLC
Modifying agency BKX
-- BAKER
-- BTCTA
-- YDXCP
-- DLC
Language of cataloging eng
042 ## - AUTHENTICATION CODE
Authentication code lcac
050 10 - LIBRARY OF CONGRESS CALL NUMBER
Classification number PZ7.C94137
Item number El 2007
082 00 - DEWEY DECIMAL CLASSIFICATION NUMBER
Classification number [Fic]
Edition number 22
100 1# - MAIN ENTRY--PERSONAL NAME
Personal name Curtis, Christopher Paul.
245 10 - TITLE STATEMENT
Title Elijah of Buxton /
Statement of responsibility, etc. Christopher Paul Curtis.
250 ## - EDITION STATEMENT
Edition statement This edition first printing, February 2009
260 ## - PUBLICATION, DISTRIBUTION, ETC.
Place of publication, distribution, etc. New York :
Name of publisher, distributor, etc. Scholastic,
Date of publication, distribution, etc. 2007
300 ## - PHYSICAL DESCRIPTION
Extent 341 pages ;
Dimensions 20 cm
520 ## - SUMMARY, ETC.
Summary, etc. In 1859, eleven-year-old Elijah Freeman, the first free-born child in Buxton, Canada, which is a haven for slaves fleeing the American south, uses his wits and skills to try to bring to justice the lying preacher who has stolen money that was to be used to buy a family's freedom.
586 ## - AWARDS NOTE
Awards note Newbery Honor Book, 2008.
650 #1 - SUBJECT ADDED ENTRY--TOPICAL TERM
Topical term or geographic name entry element Freedom
Form subdivision Fiction.
650 #1 - SUBJECT ADDED ENTRY--TOPICAL TERM
Topical term or geographic name entry element Slavery
Form subdivision Fiction.
650 #1 - SUBJECT ADDED ENTRY--TOPICAL TERM
Topical term or geographic name entry element Black people
Geographic subdivision Canada
Form subdivision Fiction.
651 #1 - SUBJECT ADDED ENTRY--GEOGRAPHIC NAME
Geographic name North Buxton (Ont.)
General subdivision History
Chronological subdivision 19th century
Form subdivision Fiction.
651 #1 - SUBJECT ADDED ENTRY--GEOGRAPHIC NAME
Geographic name Canada
General subdivision History
Chronological subdivision 1763-1867
Form subdivision Fiction.
906 ## - LOCAL DATA ELEMENT F, LDF (RLIN)
a 7
b cbc
c orignew
d 1
e ecip
f 20
g y-gencatlg
942 ## - ADDED ENTRY ELEMENTS (KOHA)
Source of classification or shelving scheme Dewey Decimal Classification
Koha item type Books
Suppress in OPAC No
Holdings
Withdrawn status Lost status Source of classification or shelving scheme Damaged status Not for loan Collection Home library Current library Shelving location Date acquired Total Checkouts Full call number Barcode Date last seen Copy number Price effective from Koha item type Date due Date last checked out
    Dewey Decimal Classification     Fiction Footprints International School Library Network Toul Kork Campus Footprints International School Library Network Toul Kork Campus   01/23/2024   CUR Fic PZ7.C94137 FIS03701 01/23/2024 1 01/23/2024 Books    
    Dewey Decimal Classification     Fiction Footprints International School Library Network Toul Kork Campus Footprints International School Library Network Toul Kork Campus   01/23/2024 1 CUR Fic PZ7.C94137 FISSE01907 04/01/2026 2 01/23/2024 Books 04/15/2026 04/01/2026
    Dewey Decimal Classification     Fiction Footprints International School Library Network Toul Kork Campus Footprints International School Library Network Toul Kork Campus TTP Secondary Fiction Bookshelves 01/23/2024   CUR Fic PZ7.C94137 FISSE01153 11/04/2024 3 01/23/2024 Books